| 000 | 00673cam a22001571 4500 | ||
|---|---|---|---|
| 082 |
_a720.284 _bGRH _cL-12, P-2 |
||
| 100 | 1 |
_aGraham, Frank Duncan, _939019 |
|
| 245 | 1 | 0 |
_aAudels answers on blue print reading for mechanics and builders, _cby F. D. Graham. |
| 260 |
_aNew York, _bT. Audel & co. _c[c1941] |
||
| 300 |
_a8 p. l., 352 p. incl. front., illus., diagrs. _c17 cm. |
||
| 500 | _aChapter 10, "A.I.E.E. standards: standard symbols for electrical equipment of buildings" (p. 167-170) has special t.-p. | ||
| 526 |
_a0 _b0 _c0 _d720_284000000000000_GRH |
||
| 650 | 0 |
_aBlueprints. _937725 |
|
| 710 | 2 |
_aAmerican Institute of Electrical Engineers. _945738 |
|
| 942 |
_2ddc _cBK |
||
| 999 |
_c549195 _d549195 |
||